Govt. of
Madhya Pradesh

Normal view MARC view

Entry Personal Name

Number of records used in: 1

001 - CONTROL NUMBER

  • control field: 82439

003 - CONTROL NUMBER IDENTIFIER

  • control field: OSt

005 - DATE AND TIME OF LATEST TRANSACTION

  • control field: 20240702140605.0

008 - FIXED-LENGTH DATA ELEMENTS

  • fixed length control field: 240702|| aca||aabn | a|a d

040 ## - CATALOGING SOURCE

  • Original cataloging agency: OSt
  • Transcribing agency: OSt

100 ## - HEADING--PERSONAL NAME

  • Personal name: सिंह्र,डाॅ. सर्वेश

670 ## - SOURCE DATA FOUND

  • Source citation: Work cat.: (OSt)66938: सिंह्र,डाॅ. सर्वेश , BNB प्र‍तियोगी परीक्षा सीरीज सामान्‍य बुध्दि परीक्षण तथा तर्कशक्ति परीक्षण